| 000 -LEADER |
| fixed length control field |
00370nam a2200133Ia 4500 |
| 003 - CONTROL NUMBER IDENTIFIER |
| control field |
OSt |
| 008 - FIXED-LENGTH DATA ELEMENTS--GENERAL INFORMATION |
| fixed length control field |
220318s9999 xx 000 0 und d |
| 020 ## - INTERNATIONAL STANDARD BOOK NUMBER |
| International Standard Book Number |
9788492861767 |
| 082 ## - DEWEY DECIMAL CLASSIFICATION NUMBER |
| Classification number |
720 |
| 100 ## - MAIN ENTRY--PERSONAL NAME |
| Personal name |
Mies van der Rohe award (2011 : Berlin) |
| 245 #0 - TITLE STATEMENT |
| Title |
Mies van der Rohe award 2011 : European Union prize for contemporary architecture |
| 260 ## - PUBLICATION, DISTRIBUTION, ETC. (IMPRINT) |
| Place of publication, distribution, etc |
ACTAR |
| 942 ## - ADDED ENTRY ELEMENTS (KOHA) |
| Source of classification or shelving scheme |
|